000 00819nam a2200205Ia 4500
003 LDD
008 190117s9999 xx 000 0 und d
020 _a9788126340163
_c₹200
040 _cLDD
041 _ahi
082 _a8S1.09 मि693रा-5
100 _aमिश्र, विद्यानिवास
245 0 _aराधा माधव रंग रंगी
_b गीतगोविन्द की सरस व्याख्या
_cविद्यानिवास मिश्र
250 _a5वां संस्करण
260 _aनई दिल्ली
_bभारतीय ज्ञानपीठ
_c2012
300 _a175पृ.
901 _aBJ
904 _aReqst by : Jitendra Shriwastva
942 _2ddc
_cH
999 _c166754
_d166754